00783nam a2200229 i 450000100060000000300090000600500170001500700030003200800410003510000330007624500990010925000150020826000390022330000220026249000210028470000250030570000230033083000290035385200320038299900170041495201220043186086ES-MaACL20230906175353.0t|041207s1965 sp ||||1| spa d1 aKéréver, André.96789713aLa inflación hoy / cAndré Kéréver ; versión castellana de M.D. Biosca y A. Jutglar. a[1ª ed.]. aBarcelona : bNova Terra, c[1965] a252 p. ; c17 cm.1 aSíntesis ; v41 aBiosca, M. D.9289461 aJutglar, A.9673670 aSíntesis ; v49182978 aES-MaACLjC-28345 bR.57277 c86086d86086 00104070aATENEOMbATENEOMcDEPO2d2008-01-17eSCl0oC-28345p1089953r2023-02-23 00:00:00w2023-02-23yMONOGRAFIA